Loading...
| Current Events - Current Events | 3 | 16.67 | 100% | 33% | 33% |
| Fine Arts - Auditory Fine Arts | 7 | 15.71 | 29% | 71% | 57% |
| Fine Arts - Other Fine Arts | 4 | 12.50 | 75% | 50% | 0% |
| Fine Arts - Visual Fine Arts | 3 | 16.67 | 67% | 100% | 0% |
| Geography - Geography | 3 | 23.33 | 33% | 100% | 100% |
| History - American History | 4 | 12.50 | 50% | 25% | 50% |
| History - European History | 4 | 17.50 | 50% | 50% | 75% |
| History - Other History | 4 | 12.50 | 50% | 75% | 0% |
| History - World History | 6 | 15.00 | 83% | 17% | 50% |
| Literature - American Literature | 5 | 16.00 | 60% | 60% | 40% |
| Literature - British Literature | 7 | 14.29 | 71% | 29% | 43% |
| Literature - European Literature | 8 | 13.75 | 25% | 63% | 50% |
| Literature - World Literature | 5 | 16.00 | 40% | 60% | 60% |
| Mythology - Mythology | 4 | 20.00 | 50% | 75% | 75% |
| Philosophy - Philosophy | 3 | 16.67 | 67% | 67% | 33% |
| Religion - Religion | 4 | 22.50 | 100% | 50% | 75% |
| Science - Biology | 5 | 18.00 | 20% | 60% | 100% |
| Science - Chemistry | 6 | 18.33 | 50% | 67% | 67% |
| Science - Other Science | 3 | 20.00 | 33% | 100% | 67% |
| Science - Physics | 5 | 20.00 | 80% | 60% | 60% |
| Trash - Trash | 2 | 20.00 | 100% | 50% | 50% |